00412 2200157 4500001002100000005001500021035002000036245006300056100002000119300002700139260003200166082000800198084001400206020002200220990001200242INLIS00000000000309720251001091751 a0010-10250000011 aKaulah Duniaku ( Antologi Puisi ) /cAdi Puji Waluyo, S.Pd0 aAdi Puji Waluyo a77 hlm ;c14,5 x 20 cm aJombang :bEduvation,c2021 a811 a811 ADI k a978-623-394-055-9 a0755529